Представление документа в формате RUSMARC

ПолеНазваниеЗначение
  Тип записи a
  Библиографический уровень m
001 Контрольный номер RU/SLIB/B/208715579
005 Дата корректировки 20201206203927.1
010 Индекс ISBN __
d Цена 1-35
101 Язык документа __
a Язык текста rus
200 Заглавие и сведения об ответственности 0_
a Заглавие Воспоминания об Александре Грине
f Первые сведения об ответственности сост. В. Сандлера
b Общее обозначение материала Текст
210 Выходные данные __
a Место издания Л.
c Издательство Лениздат
d Дата издания 1972
215 Физическое описание __
a Объем 608 с.
600 Персоналии __
a Персоналии (Фамилия) Грин, А. С.
600 Персоналии __
a Персоналии (Фамилия) Куприн, А. И.
600 Персоналии __
a Персоналии (Фамилия) Лидин, В. Г.
600 Персоналии __
a Персоналии (Фамилия) По, Э. А.
600 Персоналии __
a Персоналии (Фамилия) Слонимский, М.
600 Персоналии __
a Персоналии (Фамилия) Чехов, А. П.
600 Персоналии __
a Персоналии (Фамилия) Шкловский, В.
606 Тематические рубрики __
a Основная рубрика Литературоведение
606 Тематические рубрики __
a Основная рубрика Русская литература XX в.
606 Тематические рубрики __
a Основная рубрика Художественная литература
606 Тематические рубрики __
a Основная рубрика Русская литература XX в. (произведения)
610 Ключевые слова __
a Ключевые слова писатели; прозаики; советская литература; литературная критика; литературная деятельность; литературное творчество; воспоминания
686 Индексы других классификаций __
a Классификационный индекс 83.3(2Рос=Рус)6-8
686 Индексы других классификаций __
a Классификационный индекс 84(2Рос=Рус)6-4
702 Вторичная интеллектуальная ответственность _1
a Фамилия Сандлера
b Имя В.
4 Код отношения Составитель
801 Источник записи _0
a Страна RU
b Организация Муниципальное бюджетное учреждение культуры "Централизованная библиотечная система" г. Сургут (Центральная городская библиотека им. А. С. Пушкина)
g Правила каталогизации К/Пронина
801 Источник записи _1
a Страна RU
b Организация Муниципальное бюджетное учреждение культуры "Централизованная библиотечная система" г. Сургут (Центральная городская библиотека им. А. С. Пушкина)
g Правила каталогизации К/Пронина
852 Данные о местонахождении __
j Шифр хранения 83.3(2Рос=Рус)6-8
c Каталожный индекс 83.3(2Рос=Рус)6-8; 84(2Рос=Рус)6-4
i Авторский знак В 77
p Инвентарный номер 8393(с)
901 Тип документа __
t Тип документа m
990 Данные о заказе (DOS) __
j Количество экземпляров (DOS) 1